Well logs in South Dakota east of Missouri River, (Record no. 28963)

MARC details
000 -LEADER
fixed length control field 00869cam a22002411 4500
001 - CONTROL NUMBER
control field gs 55000217
003 - CONTROL NUMBER IDENTIFIER
control field DLC
005 - DATE AND TIME OF LATEST TRANSACTION
control field 20260227111403.0
008 - FIXED-LENGTH DATA ELEMENTS--GENERAL INFORMATION
fixed length control field 790612s1954 sduab s000 0 eng c
010 ## - LIBRARY OF CONGRESS CONTROL NUMBER
LC control number gs 55000217
035 ## - SYSTEM CONTROL NUMBER
System control number (OCoLC)5058539
040 ## - CATALOGING SOURCE
Original cataloging agency U.S. Geol. Survey Libr.
Transcribing agency TxCM
Modifying agency OCoLC
-- DLC
042 ## - AUTHENTICATION CODE
Authentication code premarc
050 00 - LIBRARY OF CONGRESS CALL NUMBER
Classification number QE163
Item number .B6
100 1# - MAIN ENTRY--PERSONAL NAME
Personal name Bolin, Edward J.
245 10 - TITLE STATEMENT
Title Well logs in South Dakota east of Missouri River,
Statement of responsibility, etc. by Edward J. Bolin and Bruno C. Petsch.
260 ## - PUBLICATION, DISTRIBUTION, ETC.
Place of publication, distribution, etc. Vermillion,
Name of publisher, distributor, etc. University of South Dakota,
Date of publication, distribution, etc. 1954.
300 ## - PHYSICAL DESCRIPTION
Extent ii, 95 p.
Other physical details map, tables.
Dimensions 28 cm.
490 1# - SERIES STATEMENT
Series statement South Dakota. State Geological Survey. Report of investigations
Volume/sequential designation no. 75
650 #0 - SUBJECT ADDED ENTRY--TOPICAL TERM
Topical term or geographic name entry element Borings
Geographic subdivision South Dakota.
700 1# - ADDED ENTRY--PERSONAL NAME
Personal name Petsch, Bruno Carl,
Dates associated with a name 1901-
Relator term joint author.
830 #0 - SERIES ADDED ENTRY--UNIFORM TITLE
Uniform title Report of investigations (South Dakota Geological Survey) ;
Volume/sequential designation no. 75.

No items available.

Powered by Koha